Diseño de nuevo sistema de abastecimiento de agua potable en el municipio de Muy Muy, Matagalpa

Presenta el diseño de nuevo sistema de abastecimiento de agua potable en el municipio de Muy Muy, Matagalpa, se realizó un estudio de la población, se evaluaron las condiciones socio económicas de la localidad, se rediseño el sistema de conducción, almacenamiento, tratamiento y red de distribu...

Full description

Bibliographic Details
Main Authors: García Meza, Karla Patricia, Flores Sequeira, Juan Bautista
Other Authors: Tutor: Baltodano Maldonado, José Ángel
Format: Tesis Section = Libro
Language:Undetermined
Spanish
Published: Managua UNI 2010
Subjects:
LEADER 01134nam a2200253Ia 4500
008 240830s9999 xx 000 0 und d
040 |a BIBLIOTECA-RUPAP T.Mon 628.72 G216 
041 |a spa 
082 |a T.Mon 628.72 G216 
100 1 |a García Meza, Karla Patricia 
100 1 |b Flores Sequeira, Juan Bautista 
245 1 0 |a Diseño de nuevo sistema de abastecimiento de agua potable en el municipio de Muy Muy, Matagalpa 
260 |a Managua  |b UNI  |c 2010 
300 |a 86 p. :il. 
500 |a Contiene: anexos. 
502 |a Tesis (Ingeniero Civil)- UNI, 2010. 
520 3 |a Presenta el diseño de nuevo sistema de abastecimiento de agua potable en el municipio de Muy Muy, Matagalpa, se realizó un estudio de la población, se evaluaron las condiciones socio económicas de la localidad, se rediseño el sistema de conducción, almacenamiento, tratamiento y red de distribución del agua a la comunidad. 
650 7 |a ABASTECIMIENTO DE AGUA 
650 7 |b AGUA POTABLE 
650 7 |c DISTRIBUCION DE AGUA POTABLE 
700 1 |a Tutor:  |b Baltodano Maldonado, José Ángel 
942 |c BK  |2 ddc 
991 |a TESIS 
999 |c 18459